000 00497nam a22001457a 4500
082 _a004
100 _aKhan, Qadeem
245 _aAn Optimized Data Clustering Algorithm for Analysis of Software Architectural Style Data Set /
_cQadeem Khan
260 _aIslamabad :
_bCEME - NUST,
_c2017.
300 _a76 p. ;
_c30cm.
650 _aComputer Software Engineering-MS-Thesis
_916105
700 _aDr. Usman Qamar
_918579
942 _2ddc
_cTHE
999 _c536984
_d536984